000 01415nam0a22002771 4500
001 rc\4232934
005 20260406171724.0
021 _aRU
_b[69-8993]
035 _a(NLR Aleph) 008465048
090 _a7893649
_c7893649
100 _a20130416d1968 |||y0rusy50 ca
101 0 _arus
102 _aRU
105 _aa z |||||
200 1 _aАльбом железобетонных конструкций перекрытий и крыш с применением ячеистых бетонов для капитального ремонта жилых домов
_e(Рабочие чертежи)
_fМ-во коммун. хоз-ва РСФСР. Уральский науч.-исслед. ин-т Акад. коммун. хоз-ва им. К.Д. Памфилова
210 _a[Свердловск]
_cБ. и.
_d1968
215 _a124 с.
_cчерт.
_d28х40
606 _aКрыши железобетонные
_jЧертежи
_2psbo
606 _aЖилые здания
_xКапитальный ремонт
_2psbo
606 _aПерекрытия железобетонные
_jЧертежи
_2psbo
712 0 2 _aУральский НИИ Академии коммунального хозяйства им. К. Д. Памфилова
_cСвердловск
_9373295
_3RU\NLR\AUTH\889939209
801 0 _aRU
_bNLR
_gpsbo
801 1 _aRU
_bELAR
_2rusmarc
852 _aNLR
_j69-10/32
942 _cBOOK
980 _aNB